Normal view
MARC view
Entry Personal Name
001 - CONTROL NUMBER
- control field: 1237373
003 - CONTROL NUMBER IDENTIFIER
- control field: OSt
005 - DATE AND TIME OF LATEST TRANSACTION
- control field: 20260430150408.0
008 - FIXED-LENGTH DATA ELEMENTS
- fixed length control field: 260430|| aca||aabn | a|a d
040 ## - CATALOGING SOURCE
- Original cataloging agency: OSt
- Transcribing agency: OSt
100 ## - HEADING--PERSONAL NAME
- Personal name: Ravi Kant Au.; Saluja Daman Gu.; Myron Gu
670 ## - SOURCE DATA FOUND
- Source citation: Work cat.: (OSt)1849681: Ravi Kant Au.; Saluja Daman Gu.; Myron Gu., Structure Based Drug Discovery to Design Inhibitors Against Microbes of Global Concern and Reverse Vaccinology Based Immunoinformatics Approach to Identity Novel Vaccine Candidate in Neisseria Gonorrhoeae, 2023
